Dibujos de Otto Apuy (Record no. 1915)

MARC details
000 -LEADER
campo de control de longitud fija 00610nam a22001817a 4500
005 - FECHA Y HORA DE LA ÚLTIMA TRANSACCIÓN
campo de control 20220630174744.0
008 - DATOS DE LONGITUD FIJA--INFORMACIÓN GENERAL
campo de control de longitud fija 220630b |||||||| |||| 00| 0 eng d
040 ## - FUENTE DE CATALOGACIÓN
Centro/agencia transcriptor Biblioteca Lado V
082 ## - NÚMERO DE LA CLASIFICACIÓN DECIMAL DEWEY
Número de clasificación 741
Número de ítem AP655d
100 ## - ENTRADA PRINCIPAL--NOMBRE DE PERSONA
Nombre de persona Apuy, Otto
245 ## - MENCIÓN DEL TÍTULO
Título Dibujos de Otto Apuy
260 ## - PUBLICACIÓN, DISTRIBUCIÓN, ETC.
Lugar de publicación, distribución, etc. San José, Costa Rica
Nombre del editor, distribuidor, etc. Universidad de Costa Rica
Fecha de publicación, distribución, etc. 1973
300 ## - DESCRIPCIÓN FÍSICA
Extensión 30 p.
Otras características físicas il.
Dimensiones 24 x 16 cm
490 ## - MENCIÓN DE SERIE
Mención de serie Serie Literatura y Artes
Designación de volumen o secuencia No. 12
505 ## - NOTA DE CONTENIDO CON FORMATO
Título Gráfica Referencia
Mención de responsabilidad Otto Apuy
Título La antisolemnidad de Otto Apuy
Mención de responsabilidad José Roberto Cea
650 ## - PUNTO DE ACCESO ADICIONAL DE MATERIA--TÉRMINO DE MATERIA
Subdivisión general arte costarricense
-- dibujo
-- dibujo costarricense
942 ## - ELEMENTOS DE ENTRADA SECUNDARIOS (KOHA)
Fuente del sistema de clasificación o colocación Clasificación Decimal Dewey
Tipo de ítem Koha Libros
Suprimir en OPAC No
Holdings
Estatus retirado Estado de pérdida Fuente del sistema de clasificación o colocación Estado de daño No para préstamo Biblioteca de origen Biblioteca actual Fecha de adquisición Total de préstamos Signatura topográfica completa Código de barras Visto por última vez Precio de reemplazo Tipo de ítem Koha
    Clasificación Decimal Dewey     Biblioteca LadoV Biblioteca LadoV 30/06/2022   741 AP655d 003719 30/06/2022 30/06/2022 Libros